000 00873nam a2200169Ia 4500
008 090711s9999 xx 000 0 und d
082 _b1444
100 _aजोशी लक्ष्मणशास्त्री
245 _aश्री समर्थ रामदासस्वामीउाgऎत श्री दासबोध
260 _bसुमंगल प्रेस (प्रा.) लिमिटेड
_c1993
300 _a487
600 _aजोशी लक्ष्मणशास्त्री
630 _aश्री समर्थ रामदासस्वामीउाgऎत श्री दासबोध
700 _aजोशी लक्ष्मणशास्त्री
730 _aश्री समर्थ रामदासस्वामीउाgऎत श्री दासबोध
942 _cBOOK
999 _c338475
_d338472